00440nam a2200169Ia 450000500170000000800410001704000190005804100120007708200150008910000210010424500480012526000350017330000100020844000240021865000180024285000100026020230327103227.0131103s9999 xx 000 0 und d aLoreto College aEnglish a822.8bPIT aBurton, Brian J. aSweeney toddb the barber cBrian J. Burton aBirminghambC. Combridgec1962 a98p.  aThe House of Rosmer aEnglish drama aLCLIB